<?xml version="1.0" encoding="UTF-8"?>
<record
    xmlns:xsi="http://www.w3.org/2001/XMLSchema-instance"
    xsi:schemaLocation="http://www.loc.gov/MARC21/slim http://www.loc.gov/standards/marcxml/schema/MARC21slim.xsd"
    xmlns="http://www.loc.gov/MARC21/slim">

  <leader>00234nam a22001097a 4500</leader>
  <datafield tag="040" ind1=" " ind2=" ">
    <subfield code="c">SP</subfield>
  </datafield>
  <datafield tag="082" ind1=" " ind2=" ">
    <subfield code="a">382</subfield>
  </datafield>
  <datafield tag="100" ind1=" " ind2=" ">
    <subfield code="a">CHAY KONGKRUY</subfield>
  </datafield>
  <datafield tag="245" ind1=" " ind2=" ">
    <subfield code="a">     Agricultural trade liberalization</subfield>
  </datafield>
  <datafield tag="260" ind1=" " ind2=" ">
    <subfield code="a">Phnom Penh</subfield>
    <subfield code="b">CHA</subfield>
    <subfield code="c">2012</subfield>
  </datafield>
  <datafield tag="942" ind1=" " ind2=" ">
    <subfield code="c">EK</subfield>
  </datafield>
  <datafield tag="999" ind1=" " ind2=" ">
    <subfield code="c">8561</subfield>
    <subfield code="d">8561</subfield>
  </datafield>
  <datafield tag="952" ind1=" " ind2=" ">
    <subfield code="0">0</subfield>
    <subfield code="1">0</subfield>
    <subfield code="4">0</subfield>
    <subfield code="6">382_000000000000000_CHA_2012_C066</subfield>
    <subfield code="7">0</subfield>
    <subfield code="9">48810</subfield>
    <subfield code="a">LBC</subfield>
    <subfield code="b">LBC</subfield>
    <subfield code="c">C066</subfield>
    <subfield code="d">2016-08-05</subfield>
    <subfield code="o">382 CHA 2012 C066</subfield>
    <subfield code="p">RUA045870</subfield>
    <subfield code="r">2016-08-05</subfield>
    <subfield code="y">EK</subfield>
  </datafield>
  <datafield tag="952" ind1=" " ind2=" ">
    <subfield code="0">0</subfield>
    <subfield code="1">0</subfield>
    <subfield code="4">0</subfield>
    <subfield code="6">382_000000000000000_CHA_2012_C066</subfield>
    <subfield code="7">0</subfield>
    <subfield code="9">48811</subfield>
    <subfield code="a">LBC</subfield>
    <subfield code="b">LBC</subfield>
    <subfield code="c">C066</subfield>
    <subfield code="d">2016-08-05</subfield>
    <subfield code="o">382 CHA 2012 C066</subfield>
    <subfield code="p">RUA045182</subfield>
    <subfield code="r">2016-08-05</subfield>
    <subfield code="y">EK</subfield>
  </datafield>
  <datafield tag="952" ind1=" " ind2=" ">
    <subfield code="0">0</subfield>
    <subfield code="1">0</subfield>
    <subfield code="4">0</subfield>
    <subfield code="6">382_000000000000000_CHA_2012_C066</subfield>
    <subfield code="7">0</subfield>
    <subfield code="9">48812</subfield>
    <subfield code="a">LBC</subfield>
    <subfield code="b">LBC</subfield>
    <subfield code="c">C066</subfield>
    <subfield code="d">2016-08-05</subfield>
    <subfield code="o">382 CHA 2012 C066</subfield>
    <subfield code="p">RUA045890</subfield>
    <subfield code="r">2016-08-05</subfield>
    <subfield code="y">EK</subfield>
  </datafield>
  <datafield tag="952" ind1=" " ind2=" ">
    <subfield code="0">0</subfield>
    <subfield code="1">0</subfield>
    <subfield code="4">0</subfield>
    <subfield code="6">382_000000000000000_CHA_2012_C066</subfield>
    <subfield code="7">0</subfield>
    <subfield code="9">48813</subfield>
    <subfield code="a">LBC</subfield>
    <subfield code="b">LBC</subfield>
    <subfield code="c">C066</subfield>
    <subfield code="d">2016-08-05</subfield>
    <subfield code="o">382 CHA 2012 C066</subfield>
    <subfield code="p">RUA43877</subfield>
    <subfield code="r">2016-08-05</subfield>
    <subfield code="y">EK</subfield>
  </datafield>
  <datafield tag="952" ind1=" " ind2=" ">
    <subfield code="0">0</subfield>
    <subfield code="1">0</subfield>
    <subfield code="4">0</subfield>
    <subfield code="6">382_000000000000000_CHA_2012_C199</subfield>
    <subfield code="7">0</subfield>
    <subfield code="9">49110</subfield>
    <subfield code="a">LBC</subfield>
    <subfield code="b">LBC</subfield>
    <subfield code="c">C199</subfield>
    <subfield code="d">2016-08-08</subfield>
    <subfield code="o">382 CHA 2012 C199</subfield>
    <subfield code="p">RUA062578</subfield>
    <subfield code="r">2016-08-08</subfield>
    <subfield code="y">EK</subfield>
  </datafield>
</record>
